[Event "Campeonato del Mundo sub-18 Femenino"]
[Site "Kemer TUR"]
[Date "2009.11.16"]
[Round "6.22"]
[White "Walallawita, Lihini Ashwini"]
[Black "Jafari, Golnaz"]
[Result "1/2-1/2"]
[WhiteElo "1797"]
[BlackElo "1999"]
[PlyCount "66"]
[EventDate "2009.11.11"]
[EventType "swiss"]
[EventRounds "11"]
[EventCountry "TUR"]
[Source "lmi"]
[SourceDate "2009.11.11"]

1. e4 c5 2. Nf3 e6 3. d4 cxd4 4. Nxd4 a6 5. Nc3 Qc7 6. a3 Nf6 7. Be3 b5 8. Be2
Bb7 9. Qd3 b4 10. axb4 Bxb4 11. f3 d5 12. exd5 Nxd5 13. Bd2 Nf4 14. Bxf4 Qxf4
15. Nb3 O-O 16. O-O Nc6 17. Qe4 Qc7 18. Bd3 g6 19. Na4 Bd6 20. Qh4 Nb4 21. Rac1
Bd5 22. Nd2 f5 23. Nc3 Nxd3 24. cxd3 Qb6+ 25. Kh1 Qxb2 26. Nc4 Qb4 27. Nxd5
exd5 28. Rb1 Qc5 29. Nxd6 Qxd6 30. Rb7 h5 31. Qd4 Rf7 32. Rb6 Qd8 33. Rxg6+ Kh7
1/2-1/2

[Event "Campeonato del Mundo sub-18 Femenino"]
[Site "Kemer TUR"]
[Date "2009.11.16"]
[Round "6.24"]
[White "De Oliveira, Ana Paula"]
[Black "Alpysbayeva, Aigerim"]
[Result "1/2-1/2"]
[WhiteElo "1786"]
[BlackElo "1972"]
[PlyCount "21"]
[EventDate "2009.11.11"]
[EventType "swiss"]
[EventRounds "11"]
[EventCountry "TUR"]
[Source "lmi"]
[SourceDate "2009.11.11"]

1. Nf3 Nf6 2. g3 b6 3. Bg2 Bb7 4. O-O e6 5. c4 d5 6. d3 Nbd7 7. Nbd2 Be7 8. b3
c5 9. Bb2 O-O 10. Qc2 Re8 11. Rac1 1/2-1/2

[Event "Campeonato del Mundo sub-18 Femenino"]
[Site "Kemer TUR"]
[Date "2009.11.16"]
[Round "6.25"]
[White "Elansary, Eman"]
[Black "Finnbogadottir, Tinna"]
[Result "0-1"]
[WhiteElo "1926"]
[BlackElo "1710"]
[PlyCount "26"]
[EventDate "2009.11.11"]
[EventType "swiss"]
[EventRounds "11"]
[EventCountry "TUR"]
[Source "lmi"]
[SourceDate "2009.11.11"]

1. e4 c5 2. Nf3 g6 3. d4 cxd4 4. Nxd4 Nc6 5. Nc3 Bg7 6. Be3 Nf6 7. h3 O-O 8.
Qd2 d5 9. Nxc6 bxc6 10. O-O-O Rb8 11. Bxa7 Nxe4 12. Qe3 Nxc3 13. bxc3 Qa5 0-1

[Event "Campeonato del Mundo sub-18 Femenino"]
[Site "Kemer TUR"]
[Date "2009.11.16"]
[Round "6.26"]
[White "Hadziselimovic, Maja"]
[Black "Hattingh, Angelique"]
[Result "0-1"]
[WhiteElo "1681"]
[BlackElo "1790"]
[PlyCount "78"]
[EventDate "2009.11.11"]
[EventType "swiss"]
[EventRounds "11"]
[EventCountry "TUR"]
[Source "lmi"]
[SourceDate "2009.11.11"]

1. e4 c5 2. Nf3 d6 3. d4 cxd4 4. Nxd4 Nf6 5. Nc3 g6 6. Be3 Bg7 7. h3 O-O 8. Qd2
Nc6 9. O-O-O Nxd4 10. Bxd4 Be6 11. Be3 Qa5 12. a3 Rfc8 13. Bd3 Rab8 14. Nb5
Qxd2+ 15. Rxd2 a6 16. Nd4 Bc4 17. Bxc4 Rxc4 18. f3 b5 19. Rhd1 Nd7 20. Ne2 Nc5
21. Kb1 Ne6 22. Bd4 Nxd4 23. Nxd4 b4 24. a4 Rbc8 25. b3 R4c5 26. Rf2 d5 27. Rd3
e5 28. Ne2 dxe4 29. fxe4 Rxc2 30. Rd8+ Rxd8 31. Kxc2 Bh6 32. Ng1 Be3 33. Rf1
Rd2+ 34. Kb1 Rxg2 35. Nf3 Bf4 36. Ne1 Rg3 37. Kc2 Rc3+ 38. Kb2 Rxh3 39. Rf3
Rxf3 0-1

[Event "Campeonato del Mundo sub-18 Femenino"]
[Site "Kemer TUR"]
[Date "2009.11.18"]
[Round "7.1"]
[White "Savina, Anastasia"]
[Black "Girya, Olga"]
[Result "1/2-1/2"]
[WhiteElo "2401"]
[BlackElo "2340"]
[PlyCount "81"]
[EventDate "2009.11.11"]
[EventType "swiss"]
[EventRounds "11"]
[EventCountry "TUR"]
[Source "lmi"]
[SourceDate "2009.11.11"]

1. d4 Nf6 2. c4 e6 3. Nc3 Bb4 4. Qc2 O-O 5. a3 Bxc3+ 6. Qxc3 b6 7. Nf3 Bb7 8.
e3 a5 9. b3 d6 10. Be2 Nbd7 11. O-O c5 12. Rd1 Qe7 13. Bb2 Rac8 14. d5 e5 15.
Nd2 Ra8 16. e4 Rfb8 17. g3 Nf8 18. f4 Ng6 19. f5 Nf8 20. g4 h6 21. a4 N6h7 22.
Qg3 g5 23. Nf3 Nd7 24. Bd3 Qf6 25. Bc1 Kf8 26. Ra2 Ke7 27. Rg2 Rh8 28. Kf2 Rag8
29. h3 Kd8 30. Rh1 Kc7 31. h4 Qg7 32. hxg5 hxg5 33. Rgh2 f6 34. Rh5 Nhf8 35.
R1h3 Rxh5 36. Rxh5 Rh8 37. Qh3 Rxh5 38. Qxh5 Qh7 39. Kg3 Qg7 40. Bd2 Bc8 41.
Ng1 1/2-1/2

[Event "Campeonato del Mundo sub-18 Femenino"]
[Site "Kemer TUR"]
[Date "2009.11.18"]
[Round "7.2"]
[White "Ozturk, Kubra"]
[Black "Warakomska, Anna"]
[Result "1-0"]
[WhiteElo "2177"]
[BlackElo "2189"]
[PlyCount "99"]
[EventDate "2009.11.11"]
[EventType "swiss"]
[EventRounds "11"]
[EventCountry "TUR"]
[Source "lmi"]
[SourceDate "2009.11.11"]

1. d4 Nf6 2. c4 e6 3. Nf3 b6 4. g3 Bb7 5. Bg2 Be7 6. Nc3 O-O 7. O-O Na6 8. a3
d5 9. Ne5 c5 10. cxd5 exd5 11. Be3 Nc7 12. Qa4 Qe8 13. Rac1 Ne6 14. dxc5 bxc5
15. Rfd1 Qxa4 16. Nxa4 Rac8 17. f4 g6 18. g4 Bd6 19. h3 Rfd8 20. Nc3 Rb8 21. g5
Nh5 22. Bxd5 Bxe5 23. fxe5 Nhf4 24. Bxe6 Nxe6 25. Rd6 Kf8 26. Rcd1 Ke7 27. Na4
Rxd6 28. exd6+ Kd7 29. Rf1 Kxd6 30. Nxc5 Bd5 31. Nd3 Be4 32. b4 Rb7 33. Rc1 a6
34. Kf2 Rb5 35. Nc5 Nxc5 36. Bxc5+ Ke6 37. Ke3 Bg2 38. Kf4 Bd5 39. e4 Bb3 40.
Rc3 Ba2 41. Rd3 f5 42. exf5+ gxf5 43. Rd6+ Kf7 44. Rxa6 Bb1 45. h4 Rb8 46. h5
Rd8 47. Ra7+ Kg8 48. g6 hxg6 49. hxg6 Re8 50. a4 1-0

[Event "Campeonato del Mundo sub-18 Femenino"]
[Site "Kemer TUR"]
[Date "2009.11.18"]
[Round "7.3"]
[White "Guramishvili, Sopiko"]
[Black "Eric, Jovana"]
[Result "1-0"]
[WhiteElo "2327"]
[BlackElo "2163"]
[PlyCount "89"]
[EventDate "2009.11.11"]
[EventType "swiss"]
[EventRounds "11"]
[EventCountry "TUR"]
[Source "lmi"]
[SourceDate "2009.11.11"]

1. Nf3 d5 2. c4 c6 3. e3 e6 4. Nc3 f5 5. Qc2 Nf6 6. h3 Bd6 7. g4 O-O 8. gxf5
exf5 9. b3 Na6 10. Bb2 Nb4 11. Qb1 f4 12. a3 Na6 13. cxd5 fxe3 14. dxe3 cxd5
15. Rg1 Ng4 16. hxg4 Rxf3 17. Bg2 Bh2 18. Bxf3 Bxg1 19. Bxd5+ Kh8 20. Qe4 Nc5
21. Qg2 Nd3+ 22. Kd2 Nxb2 23. Kc2 Be6 24. Rxg1 Rc8 25. Kxb2 Rxc3 26. Kxc3 Bxd5
27. Qg3 Qa5+ 28. Kd3 Qb5+ 29. Kd2 Qa5+ 30. b4 Qxa3 31. Qb8+ Bg8 32. Ke2 Qxb4
33. Kf3 a5 34. Rd1 h6 35. Rd7 Kh7 36. Qe5 Qf8+ 37. Kg3 a4 38. Qe4+ Kh8 39. Qxa4
Qb8+ 40. Qf4 Qc8 41. Qd4 Qb8+ 42. f4 Qf8 43. Rxb7 Bf7 44. Qe5 Kh7 45. Qe7 1-0

[Event "Campeonato del Mundo sub-18 Femenino"]
[Site "Kemer TUR"]
[Date "2009.11.18"]
[Round "7.4"]
[White "Pavlidou, Ekaterini"]
[Black "Bhakti Pradip, Kulkarni"]
[Result "1-0"]
[WhiteElo "2128"]
[BlackElo "2263"]
[PlyCount "64"]
[EventDate "2009.11.11"]
[EventType "swiss"]
[EventRounds "11"]
[EventCountry "TUR"]
[Source "lmi"]
[SourceDate "2009.11.11"]

1. d4 f5 2. g3 Nf6 3. Bg2 g6 4. c4 Bg7 5. Nf3 O-O 6. O-O d6 7. b3 Qe8 8. Bb2 h6
9. Qc2 g5 10. Nc3 Na6 11. d5 Qh5 12. Rae1 Bd7 13. a3 c6 14. e4 fxe4 15. Nxe4
cxd5 16. Nxf6+ exf6 17. Re7 Rad8 18. Nd4 g4 19. cxd5 Rf7 20. Rfe1 f5 21. Bf1
Rc8 22. Qd2 Nc5 23. Bb5 Bxb5 24. Nxb5 Ne4 25. R7xe4 fxe4 26. Nxd6 Rd8 27. Nxf7
Rxd5 28. Nxh6+ Bxh6 29. Qc3 Bf8 30. Qc4 Bc5 31. Rd1 Bxf2+ 32. Kh1 e3 1-0

[Event "Campeonato del Mundo sub-18 Femenino"]
[Site "Kemer TUR"]
[Date "2009.11.18"]
[Round "7.5"]
[White "Mammadova, Gulnar"]
[Black "Dudas, Eszter"]
[Result "1-0"]
[WhiteElo "2202"]
[BlackElo "2147"]
[PlyCount "97"]
[EventDate "2009.11.11"]
[EventType "swiss"]
[EventRounds "11"]
[EventCountry "TUR"]
[Source "lmi"]
[SourceDate "2009.11.11"]

1. e4 e6 2. Qe2 Be7 3. b3 e5 4. Bb2 Nc6 5. Nf3 d6 6. Nc3 Nf6 7. h3 Be6 8. O-O-O
O-O 9. Qe3 Nd7 10. g4 a6 11. Kb1 b5 12. Nd5 Nb6 13. Nxb6 cxb6 14. d4 exd4 15.
Nxd4 Rc8 16. f4 Qc7 17. Rh2 Nxd4 18. Qxd4 f6 19. Rhd2 Rfd8 20. Ba3 Bf7 21. Qf2
b4 22. Bxb4 b5 23. Ba3 Rb8 24. Rd4 a5 25. Qd2 b4 26. Bb2 Qb7 27. Bc4 a4 28.
Bxf7+ Kxf7 29. Rc4 Rdc8 30. Rxc8 Qxc8 31. Qd5+ Kf8 32. bxa4 Ra8 33. e5 dxe5 34.
fxe5 Qa6 35. exf6 gxf6 36. Bc1 Kg7 37. Re1 Ra7 38. a5 Qd6 39. Qxd6 Bxd6 40. Rd1
Be5 41. Rd5 Kg6 42. Be3 Ra8 43. Kc1 Bc3 44. Kd1 Re8 45. Ke2 Re6 46. Kf3 Be5 47.
Rb5 Bc3 48. Rb6 Re8 49. a6 1-0

[Event "Campeonato del Mundo sub-18 Femenino"]
[Site "Kemer TUR"]
[Date "2009.11.18"]
[Round "7.6"]
[White "Nakhbayeva, Guliskhan"]
[Black "Gvilava, Maya"]
[Result "1-0"]
[WhiteElo "2201"]
[BlackElo "2061"]
[PlyCount "55"]
[EventDate "2009.11.11"]
[EventType "swiss"]
[EventRounds "11"]
[EventCountry "TUR"]
[Source "lmi"]
[SourceDate "2009.11.11"]

1. d4 Nf6 2. c4 g6 3. Nc3 Bg7 4. e4 d6 5. h3 O-O 6. Bg5 Nbd7 7. Bd3 e5 8. d5 h6
9. Be3 Nc5 10. Bc2 a5 11. Qd2 Kh7 12. Nge2 Bd7 13. O-O Nh5 14. Rae1 f5 15. exf5
Bxf5 16. Bxc5 dxc5 17. Ne4 b6 18. N2g3 Qh4 19. Nxh5 Qxh5 20. g4 Qxh3 21. gxf5
gxf5 22. Re3 Qg4+ 23. Rg3 Qf4 24. Qe2 fxe4 25. Rg4 Qf6 26. Qxe4+ Kg8 27. Qh7+
Kf7 28. Rg6 1-0

[Event "Campeonato del Mundo sub-18 Femenino"]
[Site "Kemer TUR"]
[Date "2009.11.18"]
[Round "7.7"]
[White "Richard, Emma"]
[Black "Brunello, Marina"]
[Result "0-1"]
[WhiteElo "2135"]
[BlackElo "2158"]
[PlyCount "142"]
[EventDate "2009.11.11"]
[EventType "swiss"]
[EventRounds "11"]
[EventCountry "TUR"]
[Source "lmi"]
[SourceDate "2009.11.11"]

1. e4 c5 2. Nf3 d6 3. Bb5+ Bd7 4. Bxd7+ Qxd7 5. O-O Nc6 6. c3 Nf6 7. Qe2 e6 8.
d4 cxd4 9. cxd4 d5 10. e5 Ne4 11. Be3 Be7 12. Ne1 f5 13. f3 Ng5 14. Nc3 O-O 15.
Nd3 Nf7 16. Nf4 Rac8 17. Bf2 a6 18. Na4 Rb8 19. Rac1 b6 20. Nc3 Bg5 21. g3 b5
22. Rcd1 Bxf4 23. gxf4 Na5 24. b3 Rbc8 25. Be1 Nc6 26. Kh1 Qa7 27. Rg1 Nh6 28.
Qg2 Rf7 29. Ne2 a5 30. Ng3 Nb4 31. Nh5 Kf8 32. Qg5 Ng8 33. Bxb4+ axb4 34. Rc1
Rb8 35. Rc5 Qe7 36. Qg2 Qa7 37. Rgc1 Ne7 38. Rg1 Ng6 39. Rgc1 Rd7 40. Qd2 Qa5
41. a4 Kf7 42. Qe2 Rdb7 43. axb5 Qd8 44. Qe1 Nh4 45. Qg3 Ng6 46. Rc6 Qa5 47.
R6c5 Qd8 48. Qe1 Nh4 49. Qxb4 Kg6 50. Ng3 Nxf3 51. Rf1 Nh4 52. Rg1 Nf3 53. Rf1
Nh4 54. Qd2 h6 55. Qe2 Kh7 56. Rg1 Ng6 57. Qf1 Qh4 58. Ne2 Rxb5 59. Qg2 Qh5 60.
Rxb5 Rxb5 61. Nc1 Rb7 62. Qg3 Nh4 63. Nd3 Qf3+ 64. Qxf3 Nxf3 65. Nc5 Rb4 66.
Rg3 Nxd4 67. Kg2 Ne2 68. Rf3 Nxf4+ 69. Kf2 g5 70. h4 Kg6 71. Ke3 Rb5 0-1

[Event "Campeonato del Mundo sub-18 Femenino"]
[Site "Kemer TUR"]
[Date "2009.11.18"]
[Round "7.8"]
[White "Korchagina, Victoria"]
[Black "Motycakova, Monika"]
[Result "0-1"]
[WhiteElo "2150"]
[BlackElo "2038"]
[PlyCount "84"]
[EventDate "2009.11.11"]
[EventType "swiss"]
[EventRounds "11"]
[EventCountry "TUR"]
[Source "lmi"]
[SourceDate "2009.11.11"]

1. e4 e5 2. Nf3 Nc6 3. Bb5 a6 4. Ba4 Nf6 5. O-O Be7 6. Re1 b5 7. Bb3 d6 8. c3
O-O 9. h3 Nb8 10. d4 Nbd7 11. Nbd2 Bb7 12. Bc2 Re8 13. Nf1 Bf8 14. Ng3 g6 15.
a4 Bg7 16. Bd3 c6 17. b3 exd4 18. cxd4 Qb6 19. Rb1 Nf8 20. Be3 d5 21. e5 N6d7
22. Qc1 Ne6 23. Qd2 b4 24. Ne2 c5 25. Rbd1 Rac8 26. Bb1 c4 27. h4 Qa5 28. h5
cxb3 29. Bh6 Rc2 30. Bxc2 bxc2 31. Rc1 Bxh6 32. Qxh6 b3 33. Qd2 Qxa4 34. Ra1
Qc4 35. Qc1 Rb8 36. hxg6 hxg6 37. Qb2 Qb4 38. Nc3 Rc8 39. Re3 a5 40. Ne2 a4 41.
Ne1 Nb6 42. Rh3 Qd2 0-1

[Event "Campeonato del Mundo sub-18 Femenino"]
[Site "Kemer TUR"]
[Date "2009.11.18"]
[Round "7.9"]
[White "Ni, Viktorija"]
[Black "Vojinovic, Jovana"]
[Result "0-1"]
[WhiteElo "2181"]
[BlackElo "2319"]
[PlyCount "56"]
[EventDate "2009.11.11"]
[EventType "swiss"]
[EventRounds "11"]
[EventCountry "TUR"]
[Source "lmi"]
[SourceDate "2009.11.11"]

1. d4 Nf6 2. c4 g6 3. Nc3 Bg7 4. e4 d6 5. h3 O-O 6. Bg5 c6 7. Nf3 Na6 8. Be2 e5
9. d5 h6 10. Be3 cxd5 11. cxd5 Nh5 12. Qd2 Nf4 13. Bf1 f5 14. g3 fxe4 15. Nxe5
dxe5 16. gxf4 exf4 17. Bxf4 Nb4 18. Bc4 Bf5 19. a3 Nd3+ 20. Bxd3 exd3 21. Bxh6
Bxh6 22. Qxh6 Qb6 23. O-O Qxb2 24. Qc1 Qxc1 25. Rfxc1 Rac8 26. f3 a5 27. Kf2
Rc7 28. a4 Rfc8 0-1

[Event "Campeonato del Mundo sub-18 Femenino"]
[Site "Kemer TUR"]
[Date "2009.11.18"]
[Round "7.10"]
[White "Deur, Zrinka"]
[Black "Tsatsalashvili, Keti"]
[Result "0-1"]
[WhiteElo "2089"]
[BlackElo "2288"]
[PlyCount "64"]
[EventDate "2009.11.11"]
[EventType "swiss"]
[EventRounds "11"]
[EventCountry "TUR"]
[Source "lmi"]
[SourceDate "2009.11.11"]

1. e4 c5 2. Nf3 d6 3. d4 cxd4 4. Nxd4 Nf6 5. Nc3 Nc6 6. Bc4 e6 7. Be3 a6 8. Bb3
Qc7 9. Qe2 Be7 10. O-O-O O-O 11. g4 b5 12. g5 Nd7 13. Rhg1 Nxd4 14. Rxd4 Nc5
15. h4 Qb7 16. f3 Bd7 17. h5 Be8 18. Kb1 b4 19. Nd1 Nxb3 20. axb3 a5 21. Nf2 a4
22. Nd3 axb3 23. Rxb4 bxc2+ 24. Kxc2 Qc7+ 25. Kd2 d5 26. Rb6 dxe4 27. fxe4 Qc4
28. Nc5 Qa2 29. Nd3 Bd8 30. Nc1 Qa5+ 31. b4 Qe5 32. Rb7 Bc6 0-1

[Event "Campeonato del Mundo sub-18 Femenino"]
[Site "Kemer TUR"]
[Date "2009.11.18"]
[Round "7.11"]
[White "Pon Namasivayam, Krithikha"]
[Black "Bakhtiyarly, Aysel Anvar Qizi"]
[Result "1-0"]
[WhiteElo "2196"]
[BlackElo "2042"]
[PlyCount "65"]
[EventDate "2009.11.11"]
[EventType "swiss"]
[EventRounds "11"]
[EventCountry "TUR"]
[Source "lmi"]
[SourceDate "2009.11.11"]

1. e4 c5 2. Nf3 d6 3. d4 cxd4 4. Nxd4 a6 5. Nc3 e6 6. Qe2 Be7 7. g4 Nd7 8. Bg2
Qc7 9. Be3 Ne5 10. O-O h5 11. g5 Bd7 12. f4 Nc4 13. Bc1 Qc5 14. Qf2 Bd8 15.
Nce2 Bb6 16. b3 e5 17. fxe5 Nxe5 18. Be3 Qc7 19. h3 Ne7 20. Nf4 Ba5 21. c4 Bb4
22. a3 Bc5 23. b4 Ba7 24. Rac1 N7c6 25. Nd5 Qd8 26. Nf5 Bxe3 27. Nxd6+ Kf8 28.
Qxe3 Bxh3 29. Nxf7 Nxf7 30. Qxh3 Qxg5 31. Qe6 Nce5 32. Rxf7+ Nxf7 33. Rf1 1-0

[Event "Campeonato del Mundo sub-18 Femenino"]
[Site "Kemer TUR"]
[Date "2009.11.18"]
[Round "7.12"]
[White "Agrest, Inna"]
[Black "Havlikova, Kristyna"]
[Result "1/2-1/2"]
[WhiteElo "2180"]
[BlackElo "2185"]
[PlyCount "83"]
[EventDate "2009.11.11"]
[EventType "swiss"]
[EventRounds "11"]
[EventCountry "TUR"]
[Source "lmi"]
[SourceDate "2009.11.11"]

1. e4 c5 2. Nf3 Nc6 3. d4 cxd4 4. Nxd4 d5 5. Nc3 dxe4 6. Nxc6 Qxd1+ 7. Kxd1
bxc6 8. Nxe4 e5 9. b3 f5 10. Nd2 Nf6 11. Be2 Be6 12. Bb2 e4 13. Ba6 Rd8 14. Bb7
Kf7 15. Ke2 Nd5 16. g3 Nb4 17. a3 Nxc2 18. Rac1 Nd4+ 19. Bxd4 Rxd4 20. Rxc6
Bxa3 21. Ra1 Bb4 22. Rc7+ Kf6 23. Nc4 Rhd8 24. Ra6 Bd6 25. Rcc6 Bxc4+ 26. bxc4
Kg5 27. Bc8 Bb4 28. Rxa7 Bf8 29. Rf7 g6 30. Rxh7 R4d6 31. Rxd6 Bxd6 32. Be6 Bb4
33. Rd7 Rxd7 34. Bxd7 Kf6 35. h4 g5 36. h5 Bf8 37. f3 exf3+ 38. Kxf3 g4+ 39.
Ke3 Ke5 40. Ke2 Ke4 41. Be8 Bd6 42. Kf2 1/2-1/2

[Event "Campeonato del Mundo sub-18 Femenino"]
[Site "Kemer TUR"]
[Date "2009.11.18"]
[Round "7.13"]
[White "Repina, Varvara"]
[Black "Iordanidou, Zoi"]
[Result "1-0"]
[WhiteElo "2258"]
[BlackElo "2060"]
[PlyCount "71"]
[EventDate "2009.11.11"]
[EventType "swiss"]
[EventRounds "11"]
[EventCountry "TUR"]
[Source "lmi"]
[SourceDate "2009.11.11"]

1. d4 Nf6 2. c4 e6 3. Nc3 Bb4 4. e3 b6 5. Bd3 Bb7 6. Nf3 O-O 7. O-O Bxc3 8.
bxc3 Ne4 9. a4 f5 10. Qc2 a5 11. Rb1 d6 12. Ba3 Nd7 13. Nd2 Nxd2 14. Qxd2 Bc6
15. Be2 Nf6 16. f3 Qe8 17. Bd1 Kh8 18. Bb3 Rd8 19. Qc2 Nd7 20. Rbe1 Qg6 21. Qa2
Rf6 22. Qe2 Qh5 23. Rf2 Rh6 24. g3 Nf6 25. Bd1 g5 26. e4 f4 27. g4 Qe8 28. e5
Ng8 29. exd6 cxd6 30. Bxd6 Rxd6 31. Qe5+ Rf6 32. Qxd6 Bxa4 33. Bxa4 Qxa4 34.
Rxe6 Rf7 35. Qe5+ Rg7 36. Rxb6 1-0

[Event "Campeonato del Mundo sub-18 Femenino"]
[Site "Kemer TUR"]
[Date "2009.11.18"]
[Round "7.14"]
[White "Guadamuro Torrente, Anabel"]
[Black "Kulon, Klaudia"]
[Result "1-0"]
[WhiteElo "2116"]
[BlackElo "2233"]
[PlyCount "75"]
[EventDate "2009.11.11"]
[EventType "swiss"]
[EventRounds "11"]
[EventCountry "TUR"]
[Source "lmi"]
[SourceDate "2009.11.11"]

1. e4 c5 2. Nf3 d6 3. d4 cxd4 4. Nxd4 Nf6 5. Nc3 a6 6. h3 e6 7. g4 h6 8. Bg2
Qc7 9. O-O Nbd7 10. a4 Rb8 11. Re1 g5 12. Be3 Be7 13. a5 Ne5 14. f4 gxf4 15.
Bxf4 Nc4 16. Bg3 Nxb2 17. Qf3 Nc4 18. Nce2 Ne5 19. Qf2 h5 20. g5 Nfd7 21. Nf4
Qc4 22. g6 Nxg6 23. Ndxe6 h4 24. Bh2 Nge5 25. Bf1 Qc3 26. Nd5 fxe6 27. Nxc3 Rf8
28. Qe2 Nf3+ 29. Kh1 Nxe1 30. Rxe1 b5 31. axb6 Rxb6 32. Qh5+ Kd8 33. Qa5 Ke8
34. Be2 Bf6 35. Na2 Rc6 36. c4 Bb7 37. Qb4 Ba8 38. Bxd6 1-0

[Event "Campeonato del Mundo sub-18 Femenino"]
[Site "Kemer TUR"]
[Date "2009.11.18"]
[Round "7.15"]
[White "Semenova, Elena"]
[Black "Haug, Marianne Wold"]
[Result "1/2-1/2"]
[WhiteElo "2233"]
[BlackElo "2005"]
[PlyCount "69"]
[EventDate "2009.11.11"]
[EventType "swiss"]
[EventRounds "11"]
[EventCountry "TUR"]
[Source "lmi"]
[SourceDate "2009.11.11"]

1. e4 e5 2. Nf3 Nc6 3. Nc3 Nf6 4. d4 exd4 5. Nxd4 Bb4 6. Nxc6 bxc6 7. Qd4 Qe7
8. f3 Bc5 9. Qd3 O-O 10. Be3 Bxe3 11. Qxe3 d5 12. e5 Re8 13. f4 Ng4 14. Qd2 f6
15. h3 Nh6 16. O-O-O fxe5 17. fxe5 Qxe5 18. g4 Nf7 19. Bb5 Bb7 20. Bd3 Qd6 21.
Rhf1 Ne5 22. g5 a5 23. h4 Ba6 24. Bxa6 Rxa6 25. Rde1 Raa8 26. h5 Rf8 27. Qe2
Rxf1 28. Rxf1 Rf8 29. Rxf8+ Kxf8 30. b3 Qe7 31. Qf2+ Nf7 32. g6 hxg6 33. hxg6
Qg5+ 34. Kb2 Qxg6 35. Qc5+ 1/2-1/2

[Event "Campeonato del Mundo sub-18 Femenino"]
[Site "Kemer TUR"]
[Date "2009.11.18"]
[Round "7.16"]
[White "Marshall, Abby"]
[Black "Mnatsakanyan, Diana"]
[Result "1/2-1/2"]
[WhiteElo "2176"]
[BlackElo "1973"]
[PlyCount "83"]
[EventDate "2009.11.11"]
[EventType "swiss"]
[EventRounds "11"]
[EventCountry "TUR"]
[Source "lmi"]
[SourceDate "2009.11.11"]

1. e4 e6 2. d4 d5 3. exd5 exd5 4. c4 Nf6 5. Nc3 dxc4 6. Bxc4 Bd6 7. Nf3 O-O 8.
O-O Nc6 9. h3 h6 10. Be3 Bf5 11. Re1 a6 12. a3 Qd7 13. d5 Ne7 14. Qd4 Bxh3 15.
Ne5 Bxe5 16. Qxe5 Ng6 17. Qh2 Bf5 18. Bc5 Rfe8 19. f3 Rxe1+ 20. Rxe1 Re8 21.
Rd1 Ne5 22. Bf1 Bc2 23. Rd2 Bb3 24. Bd4 Qf5 25. Re2 Ng6 26. Bxf6 Rxe2 27. Bxe2
Qxf6 28. Qxc7 Bxd5 29. Nxd5 Qd4+ 30. Kh1 Qh4+ 31. Kg1 Qd4+ 32. Kh1 Qxd5 33. Bc4
Qf5 34. Qb8+ Kh7 35. Qc7 f6 36. Qf7 Qh5+ 37. Kg1 Qc5+ 38. Kh1 Ne5 39. Qg8+ Kg6
40. Bd5 Qc1+ 41. Kh2 Qf4+ 42. Kg1 1/2-1/2

[Event "Campeonato del Mundo sub-18 Femenino"]
[Site "Kemer TUR"]
[Date "2009.11.18"]
[Round "7.17"]
[White "Aliaga Fernandez, Ingrid Yadyra"]
[Black "Hamza, Amira"]
[Result "1-0"]
[WhiteElo "2146"]
[BlackElo "1883"]
[PlyCount "125"]
[EventDate "2009.11.11"]
[EventType "swiss"]
[EventRounds "11"]
[EventCountry "TUR"]
[Source "lmi"]
[SourceDate "2009.11.11"]

1. e4 e6 2. d4 d5 3. Nc3 Nf6 4. e5 Nfd7 5. f4 c5 6. Nf3 a6 7. Be3 Nc6 8. Qd2 c4
9. f5 b5 10. fxe6 fxe6 11. Be2 Nb6 12. O-O b4 13. Nd1 b3 14. axb3 cxb3 15. cxb3
Bb4 16. Qc2 Ne7 17. Bd3 g6 18. Bg5 O-O 19. Ne3 Qe8 20. Ng4 Nd7 21. Bf6 h5 22.
Nh6+ Kh7 23. Bg5 Nf5 24. Nxf5 gxf5 25. Qe2 a5 26. Kh1 Be7 27. Bd2 Bd8 28. b4 a4
29. Bb5 Rg8 30. Rxa4 Rxa4 31. Bxa4 Qg6 32. Bb5 Nb6 33. b3 Na8 34. Rg1 Bb6 35.
Bc6 Nc7 36. b5 Ne8 37. Rc1 Ng7 38. Rg1 Bd8 39. Qe3 h4 40. Ng5+ Bxg5 41. Qxg5
Qxg5 42. Bxg5 Nh5 43. Bxh4 Rg4 44. Bf2 Nf4 45. h3 Rg7 46. Kh2 Bb7 47. Be3 Nd3
48. Rd1 Nb4 49. Be8 Nc2 50. Bf2 Kh6 51. Rc1 Nb4 52. Be3+ Kh7 53. Rc3 Na2 54.
Rc5 Nb4 55. Bh5 Nd3 56. Rc3 Ne1 57. g4 Nf3+ 58. Kg3 fxg4 59. hxg4 Ng5 60. Bxg5
Rxg5 61. Rc7+ Rg7 62. Rxg7+ Kxg7 63. Be8 1-0

[Event "Campeonato del Mundo sub-18 Femenino"]
[Site "Kemer TUR"]
[Date "2009.11.18"]
[Round "7.18"]
[White "Ibragimova, Iroda"]
[Black "Ziaziulkina, Nastassia"]
[Result "0-1"]
[WhiteElo "1917"]
[BlackElo "2128"]
[PlyCount "72"]
[EventDate "2009.11.11"]
[EventType "swiss"]
[EventRounds "11"]
[EventCountry "TUR"]
[Source "lmi"]
[SourceDate "2009.11.11"]

1. e4 c5 2. Nf3 d6 3. d4 cxd4 4. Nxd4 Nf6 5. Nc3 a6 6. Be2 e6 7. a4 Be7 8. Be3
Nc6 9. O-O O-O 10. f4 Qc7 11. g4 d5 12. e5 Ne4 13. Rf3 Bc5 14. Nxc6 Nxc3 15.
bxc3 Bxe3+ 16. Rxe3 bxc6 17. Rh3 f6 18. Bd3 g6 19. Qe1 fxe5 20. fxe5 Qe7 21.
Qd2 Bd7 22. Rh6 Be8 23. Rb1 c5 24. c4 Rd8 25. Qe2 Qg5 26. Rh3 Bc6 27. cxd5 Rxd5
28. Re3 Rd4 29. Be4 Bxe4 30. Rxe4 Rd2 31. Qe1 Rxc2 32. h3 Qd8 33. Rc1 Rxc1 34.
Qxc1 Qd3 35. Qe1 Qxh3 36. Rc4 Rf3 0-1

[Event "Campeonato del Mundo sub-18 Femenino"]
[Site "Kemer TUR"]
[Date "2009.11.18"]
[Round "7.19"]
[White "Finnbogadottir, Tinna"]
[Black "Hannes, Diana"]
[Result "0-1"]
[WhiteElo "1710"]
[BlackElo "2125"]
[PlyCount "84"]
[EventDate "2009.11.11"]
[EventType "swiss"]
[EventRounds "11"]
[EventCountry "TUR"]
[Source "lmi"]
[SourceDate "2009.11.11"]

1. e4 c5 2. c3 Nf6 3. e5 Nd5 4. d4 cxd4 5. Nf3 Nc6 6. cxd4 d6 7. Bc4 Nb6 8. Bb5
dxe5 9. Nxe5 Bd7 10. Nxd7 Qxd7 11. O-O e6 12. Nc3 Be7 13. Qg4 O-O 14. Bxc6 Qxc6
15. Bh6 Bf6 16. Rac1 Qe8 17. Ne4 Qd8 18. Rc3 Kh8 19. Bxg7+ Bxg7 20. Rg3 Qxd4
21. Rh3 f5 22. Qg6 Kg8 23. Qxh7+ Kf7 24. Qh5+ Ke7 25. Qg5+ Bf6 26. Rh7+ Rf7 27.
Qg6 Raf8 28. Rxf7+ Rxf7 29. Nxf6 Qxf6 30. Qg3 Nd5 31. Qa3+ Ke8 32. Re1 b6 33.
g3 Re7 34. h4 f4 35. Rc1 Kf7 36. Rc8 fxg3 37. fxg3 Qd4+ 38. Kg2 Qd2+ 39. Kf3
Kg7 40. Qa6 Rf7+ 41. Kg4 Ne3+ 42. Kh5 Rf5# 0-1

[Event "Campeonato del Mundo sub-18 Femenino"]
[Site "Kemer TUR"]
[Date "2009.11.18"]
[Round "7.20"]
[White "Hattingh, Angelique"]
[Black "Uuganbayar, Lkhamsuren"]
[Result "0-1"]
[WhiteElo "1790"]
[BlackElo "2136"]
[PlyCount "72"]
[EventDate "2009.11.11"]
[EventType "swiss"]
[EventRounds "11"]
[EventCountry "TUR"]
[Source "lmi"]
[SourceDate "2009.11.11"]

1. e4 e6 2. d4 d5 3. Nd2 Nf6 4. e5 Nfd7 5. Bd3 c5 6. c3 Nc6 7. Ne2 cxd4 8. cxd4
Qb6 9. Nf3 f6 10. O-O fxe5 11. dxe5 Be7 12. Nf4 Nc5 13. Be3 Qd8 14. Bxc5 Bxc5
15. Qc2 Bd4 16. Bxh7 Bxe5 17. Qg6+ Kf8 18. Ng5 Qf6 19. Nfxe6+ Bxe6 20. Qxf6+
gxf6 21. Nxe6+ Kf7 22. Bf5 Bxh2+ 23. Kh1 Be5+ 24. Kg1 Ne7 25. Bh3 Rxh3 26. gxh3
Kxe6 27. Rfe1 Ng6 28. Rad1 Nf4 29. Re3 Rg8+ 30. Kf1 Kf5 31. Rf3 d4 32. Rb3 Rg7
33. Rd2 d3 34. f3 Bd4 35. Rb5+ Ke6 36. Ke1 Rg1# 0-1